| 000 | 00441nam a2200181Ia 4500 | ||
|---|---|---|---|
| 001 | 46773 | ||
| 008 | 140429s9999 xx 000 0 und d | ||
| 020 | _aNA | ||
| 040 | _cPK-LaUMT | ||
| 082 |
_aRHC 891.4393 _bNAZ-N |
||
| 100 | _aNazar Zaidi | ||
| 245 |
_aNayaa ghar (Urdu) _cNazar Zaidi |
||
| 260 |
_aLahore,Pakistan: _bIdara Khawateen, _c1956 |
||
| 300 | _a194 p. | ||
| 546 | _aUR | ||
| 650 | _aPakistani literature-Urdu | ||
| 942 | _cBK | ||
| 999 |
_c44722 _d44722 |
||